LEADER 01084nam a22003135i 4500 001 991002206769707536 007 cr nn 008mamaa 008 121227s1980 gw | s |||| 0|eng d 020 $a9783540392750 035 $ab14137896-39ule_inst 040 $aBibl. Dip.le Aggr. Matematica e Fisica - Sez. Matematica$beng 082 04$a515.8$223 084 $aAMS 28A33 084 $aAMS 28B05 084 $aAMS 46E27 084 $aAMS 46G10 100 1 $aConstantinescu, Corneliu$054649 245 10$aDuality in measure theory$h[e-book] /$cby Corneliu Constantinescu 260 $aBerlin :$bSpringer,$c1980 300 $a1 online resource (iv, 197 p.) 440 0$aLecture Notes in Mathematics,$x0075-8434 ;$v796 650 0$aMathematics 773 0 $aSpringer eBooks 856 40$uhttp://dx.doi.org/10.1007/BFb0089049$zAn electronic book accessible through the World Wide Web 907 $a.b14137896$b03-03-22$c05-09-13 912 $a991002206769707536 996 $aDuality in measure theory$9262594 997 $aUNISALENTO 998 $ale013$b05-09-13$cm$d@ $e-$feng$ggw $h0$i0 LEADER 01116nas 2200397-a 450 001 996321101503316 005 20230403213018.0 011 $a2158-3226 035 $a(DE-599)ZDB2583909-3 035 $a(OCoLC)676918666 035 $a(CKB)2920000000000104 035 $a(CONSER)--2010202583 035 $a(EXLCZ)992920000000000104 100 $a20101103a20119999 --- a 101 0 $aeng 135 $aur||||||||||| 181 $ctxt$2rdacontent 182 $cc$2rdamedia 183 $acr$2rdacarrier 200 00$aAIP advances 210 $aMelville, NY $cAmerican Institute of Physics 300 $aRefereed/Peer-reviewed 517 1 $aAmerican Institute of Physics advances 531 $aAIP ADV 531 0 $aAIP adv. 606 $aPhysics$xResearch$vPeriodicals 606 $aPhysics$xResearch$2fast$3(OCoLC)fst01063093 608 $aPeriodicals.$2fast 615 0$aPhysics$xResearch 615 7$aPhysics$xResearch. 676 $a530 712 02$aAmerican Institute of Physics. 906 $aJOURNAL 912 $a996321101503316 996 $aAIP advances$92279605 997 $aUNISA